|
|
|
|
| LEADER |
01044nam a22002417a 4500 |
| 001 |
29930 |
| 003 |
BD-DhAAL |
| 005 |
20241117161803.0 |
| 008 |
150906s2005 bg a|||| |||| 00| 0 eng d |
| 040 |
|
|
|a BD-DhAAL
|c BD-DhAAL
|
| 082 |
|
|
|a 307.1412095492
|2 22
|
| 245 |
|
|
|a BRAC.
|k annual report,
|f 2004.
|
| 264 |
|
|
|a Dhaka :
|b BRAC,
|c 2005.
|
| 300 |
|
|
|a 115 pages :
|b illustrations ;
|c 30 cm.
|
| 541 |
|
|
|a RED, BRAC
|e 29930
|
| 610 |
|
|
|a BRAC
|9 14405
|
| 650 |
|
|
|a Rural development
|z Bangladesh.
|9 14406
|
| 710 |
|
|
|a BRAC
|9 14405
|
| 852 |
|
|
|a Ayesha Abed Library
|c BRAC Resource Section
|
| 942 |
|
|
|2 ddc
|c BK
|
| 999 |
|
|
|c 35451
|d 35451
|
| 952 |
|
|
|0 0
|1 0
|2 ddc
|4 0
|6 307_141209549200000_BRA
|7 1
|8 RPT
|9 55746
|a BRACUL
|b BRACUL
|c BRS
|d 2015-09-07
|e BRAC
|l 0
|o 307.1412095492 BRA
|p 3010029930
|r 2015-09-07
|t 1
|w 2015-09-07
|y BK
|x BRAC ; price not available in register
|
| 952 |
|
|
|0 0
|1 0
|2 ddc
|4 0
|6 307_141209549200000_BRA
|7 1
|8 RPT
|9 56940
|a BRACUL
|b BRACUL
|c BRS
|d 2015-11-18
|e RED,BRAC
|l 0
|o 307.1412095492 BRA
|p 3010030529
|r 2015-11-18
|t 2
|w 2015-11-18
|y BK
|x RED,BRAC ; price not available in register
|